Instituciones italianas en Valparaíso y Viña del Mar
Salvato in:
| Autore principale: | |
|---|---|
| Natura: | Libro |
| Lingua: | spagnolo |
| Pubblicazione: |
Santiago
Presenza
1993
|
| Edizione: | 1a. ed |
| Soggetti: | |
| Tags: |
Aggiungi Tag
Nessun Tag, puoi essere il primo ad aggiungerne!!
|
MARC
| LEADER | 00000nam a2200000 a 4500 | ||
|---|---|---|---|
| 001 | UCJ7020 | ||
| 003 | CL-VaPUC | ||
| 008 | 070124e19930000CL |||||||||||||||||spa|d | ||
| 082 | 0 | 4 | |a 983 |b NOZ |2 21 |
| 100 | |a Noziglia B., Luis |e autor |9 514852 | ||
| 245 | 1 | 0 | |a Instituciones italianas en Valparaíso y Viña del Mar |
| 250 | |a 1a. ed | ||
| 300 | |a 71 p | ||
| 651 | 0 | |a Valparaíso, Chile |9 261144 | |
| 942 | |c BK | ||
| 945 | |d 20070124 00:00:00 |a rinostro | ||
| 260 | |a Santiago |b Presenza |c 1993 | ||
| 500 | |a iconografía e ilustraciones sin indizar | ||
| 600 | 0 | 7 | |a SCUOLA ITALIANA |2 CL-VaPUC |9 514853 |
| 650 | 0 | |a Historia local |9 266584 | |
| 650 | 7 | |a ITALIANOS |2 CL-VaPUC |9 446950 | |
| 650 | 0 | |a Inmigrantes |9 317882 | |
| 650 | 7 | |a TOPONIMIA |2 CL-VaPUC |9 514854 | |
| 650 | 7 | |a BOMBEROS |2 CL-VaPUC |9 435295 | |
| 650 | 0 | |a Vida social |9 337244 | |
| 650 | 0 | |a Educación |9 258661 | |
| 650 | 7 | |a CALLES Y PASEOS |2 CL-VaPUC |9 329702 | |
| 650 | 0 | |a Iconografía |9 267998 | |
| 650 | 0 | |a Ilustraciones |9 369481 | |
| 650 | 0 | |a Monumentos |9 265246 | |
| 583 | |a last modification |c 20070124 00:00:00 |k Rodrigo Vera | ||
| 999 | |c 323122 |d 323120 | ||
| 952 | |0 0 |1 0 |4 0 |6 983_000000000000000_NOZ_1993 |7 0 |8 X |9 402438 |a FDOBUD |b FDOBUD |d 2019-11-22 |i 1056808 |o 983 NOZ 1993 |p 1056808 |r 2019-11-22 |w 2019-11-22 |y BK_X |k BUD | ||